LDR 00973naa#a2200181#i#450# 001 RU\\bibl\126820 005 20260701112545.3 011 ## _a1815-588X 100 ## _a20260630b2026####ek#y0rusy0150####ca 102 ## _aRU 200 1# _aРазработка методики переработки контейнеропотоков на основе языка транспортно-логистических объектов _eЖурнальная статья 210 1# _aСанкт-Петербург _cФГБОУ ВО "Петербургский государственный университет путей сообщения Императора Александра I" _d2026 215 ## _a9 с. 608 ## _aЖурнальная статья _2local 675 ## _aУскорение, задержка. 656.073.26 _z 700 #1 _aКайкина _gЕкатерина Александровна 700 #1 _aНовичихин _gАлексей Викторович 856 4# _aitt-pgups.ru _u